A Happy Click Chain - Statistics

General Stats
  • This quiz has been taken 25 times
  • The average score is 7 of 12
Answer Stats
Hint Answer % Correct
Which has the same word as this controversial reality show The Glee Project
88%
Which won how many golden globes 4
82%
One of the best movies of 2026 thus far based on a book of the same name is called Project Hail Mary
82%
Which is also the amount of members in this band My Chemical Romance
71%
Who sang the song ‘Vogue’ by Madonna
65%
Whose lead singer’s name is Gerard Way
59%
Who had 11 of her songs featured in the tv show Glee
59%
Which was originally fanfiction of Twilight
59%
Who is often said to be the main cause of 50 Shades of Grey
47%
Who infamously can’t read much like Socrates
47%
Which was based off of a tv show starring Lea Michele
41%
Who had a lot of wise things to say just like Sue Sylvester
29%
No matching quizzes found
Score Distribution
Percent of People with Each Score
Percentile by Number Answered
Your Score History
You have not taken this quiz